500.000 envenenamientos por pesticidas (Registro nro. 17654)

Detalles MARC
000 -CABECERA
Campo de control 01154nab a22002297a 4500
005 - FECHA Y HORA DE LA ULTIMA TRANSACCION
Campo de control 20150806121534.0
008 - ELEMENTOS DE LONGITUD FIJA—INFORMACION GENERAL
Campo de control 150806b xxu||||| |||| 00| 0 spa d
040 ## - FUENTE DE CATALOGACIÓN
Agencia catalogadora original CO-BoIAVH
Agencia transcriptora CO-BoIAVH
041 0# - IDIOMA
Código de idioma para texto/pista de sonido o título separado Español
044 ## - PAÍS DE PUBLICACIÓN
País de publicación Colombia
100 1# - ASIENTO PRINCIPAL--NOMBRE PERSONAL
Nombre personal Herrera De MacBryde, Olga
245 1# - MENCION DE TITULO
Título 500.000 envenenamientos por pesticidas
246 1# - FORMA VARIANTE DEL TITULO
Título propiamente dicho/forma breve del título 500000 envenenamientos por pesticidas
260 3# - PUBLICACION, DISTRIBUCION, ETC. (PIE DE IMPRENTA)
Lugar de publicación, distribución, etc. Ibagué (Colombia):
Nombre del editor, distribuidor, etc. Centro de publicaciones Universidad del Tolima,
Fecha de publicación, distribución, etc. 1980.
300 ## - DESCRIPCION FISICA
Extensión Vol.3, Nro. 35, Año 1980, Pag. 1-2
505 ## - NOTA DE CONTENIDO
Nota de contenido Incluye carta dirigida por la autora a el Grupo ecológico de la Universidad del Tolima.<br/>Incluye texto del día mundial del medio ambiente.
520 ## - NOTA DE RESUMEN, ETC.
Nota de resumen Productos peligrosos tales como pesticidas y drogas deben ser sometidos a una serie de pruebas que indiquen que ellos llegan a ciertos requisitos legales y que no atentan contra la salud del hombre.
650 #6 - ASIENTO SECUNDARIO DE MATERIA - TERMINO TEMATICO
Término temático o nombre geográfico como elemento de entrada Pesticidas
Subdivisión general Efectos fisiológicos
650 #6 - ASIENTO SECUNDARIO DE MATERIA - TERMINO TEMATICO
Término temático o nombre geográfico como elemento de entrada Pesticidas
Subdivisión general Toxicidad
773 0# - Item fuente:
Asiento principal Universidad del Tolima
Lugar, editorial y fecha de publicación Ibagué (Colombia): Centro de publicaciones de la Universidad del Tolima, 1977.
Título SOS ecológico
942 ## - ELEMENTOS ADICIONALES (KOHA)
Sistema de clasificación Local
Tipo de ítem Artículo

No hay ítems disponibles.